[Event "CZE-chT 2324"]
[Site "Czech Republic"]
[Date "2024.01.27"]
[Round "5.6"]
[White "Burdalev, Kirill"]
[Black "Piesik, Piotr"]
[Result "0-1"]
[WhiteElo "2344"]
[BlackElo "2426"]
[PlyCount "78"]
[EventDate "2023.10.14"]
[EventType "team-tourn"]
[EventRounds "11"]
[EventCountry "CZE"]
[SourceTitle "EXT 2025"]
[Source "ChessBase"]
[SourceDate "2024.10.14"]
[SourceVersion "1"]
[SourceVersionDate "2024.10.14"]
[SourceQuality "1"]
[WhiteTeam "Praha Dopravni Podnik"]
[BlackTeam "Frydek Mistek"]
[WhiteTeamCountry "CZE"]
[BlackTeamCountry "CZE"]

1. c4 c6 2. d4 d5 3. Nf3 Nf6 4. g3 Bf5 5. Bg2 e6 6. Nc3 h6 7. Qb3 Qb6 8. c5 Qc7 9. Bf4 Qc8 10. Nd2 g5 11. Bd6 Bxd6 12. cxd6 Nbd7 13. Rc1 Qb8 14. e4 dxe4 15. Ncxe4 Bxe4 16. Bxe4 Nb6 17. Qf3 Nfd7 18. h4 Qxd6 19. hxg5 Qxd4 20. Qc3 Qxc3 21. Rxc3 h5 22. g4 h4 23. Rch3 Ke7 24. Rxh4 Rxh4 25. Rxh4 Rg8 26. Rh5 Ne5 27. f3 Nd5 28. Bxd5 Nd3+ 29. Kf1 cxd5 30. Nb3 Nf4 31. Rh7 e5 32. Na5 Rc8 33. Nxb7 Rc1+ 34. Kf2 Rc2+ 35. Kf1 d4 36. Ke1 d3 37. Rh6 Ng2+ 38. Kf1 Ne3+ 39. Kg1 d2 0-1

[Event "Titled Tuesday intern op 02nd Jan Late"]
[Site "Chess.com INT"]
[Date "2024.01.02"]
[Round "2"]
[White "Burdalev, Kirill"]
[Black "Marn, Jan"]
[Result "0-1"]
[WhiteElo "2338"]
[BlackElo "2322"]
[PlyCount "76"]
[EventDate "2024.01.02"]
[EventType "swiss (blitz)"]
[EventRounds "11"]
[EventCountry "USA"]
[SourceTitle "EXT 2025"]
[Source "ChessBase"]
[SourceDate "2024.10.14"]
[SourceVersion "1"]
[SourceVersionDate "2024.10.14"]
[SourceQuality "1"]

1. d4 b6 2. e4 e6 3. Bd3 Bb7 4. Nf3 Nf6 5. Qe2 d5 6. e5 Ne4 7. 0-0 c5 8. c4 cxd4 9. cxd5 Qxd5 10. Re1 Nc5 11. Bc4 Qd7 12. Rd1 Nc6 13. Be3 dxe3 14. Rxd7 exf2+ 15. Kxf2 Nxd7 16. Nc3 Bc5+ 17. Kf1 0-0 18. Rd1 Rad8 19. Ne4 Be7 20. Nd6 Ba8 21. a3 Ndxe5 22. Nxe5 Bxd6 23. Nxc6 Bxc6 24. Bd3 Bc5 25. b4 Bd4 26. Bc2 e5 27. Be4 Bd7 28. g4 g6 29. Kg2 Kg7 30. Qa6 f5 31. gxf5 gxf5 32. Bd5 Kh8 33. Qxa7 Bb5 34. Ba2 Rd7 35. Qxd7 Bxd7 36. Bb3 Ra8 37. a4 Bxa4 38. Bd5 Rd8 0-1

[Event "Titled Tuesday intern op 02nd Jan Late"]
[Site "Chess.com INT"]
[Date "2024.01.02"]
[Round "3"]
[White "Burdalev, Kirill"]
[Black "Mesquita, Eduardo Barbosa"]
[Result "1-0"]
[WhiteElo "2338"]
[BlackElo "1948"]
[PlyCount "57"]
[EventDate "2024.01.02"]
[EventType "swiss (blitz)"]
[EventRounds "11"]
[EventCountry "USA"]
[SourceTitle "EXT 2025"]
[Source "ChessBase"]
[SourceDate "2024.10.14"]
[SourceVersion "1"]
[SourceVersionDate "2024.10.14"]
[SourceQuality "1"]

1. d4 d5 2. c4 e6 3. Nf3 Nf6 4. Nc3 a6 5. c5 b6 6. cxb6 c5 7. Bf4 Qxb6 8. Na4 Qb4+ 9. Bd2 Qb7 10. Nxc5 Bxc5 11. dxc5 Qxb2 12. Rb1 Qxa2 13. Bc3 Ne4 14. Bxg7 Rg8 15. Ra1 Qc4 16. Bd4 Qb4+ 17. Nd2 Qxd4 18. e3 Qc3 19. Rc1 Qb4 20. Rb1 Qa5 21. Ra1 Qxc5 22. Rc1 Qb4 23. Rxc8+ Kd7 24. Rxg8 Ra7 25. Bd3 Rc7 26. Bxe4 d4 27. 0-0 dxe3 28. Nf3+ Ke7 29. Qd8# 1-0

[Event "Titled Tuesday intern op 02nd Jan Early"]
[Site "Chess.com INT"]
[Date "2024.01.02"]
[Round "1"]
[White "Souleidis, Georgios"]
[Black "Burdalev, Kirill"]
[Result "1-0"]
[WhiteElo "2414"]
[BlackElo "2338"]
[PlyCount "89"]
[EventDate "2024.01.02"]
[EventType "swiss (blitz)"]
[EventRounds "11"]
[EventCountry "USA"]
[SourceTitle "EXT 2025"]
[Source "ChessBase"]
[SourceDate "2024.10.14"]
[SourceVersion "1"]
[SourceVersionDate "2024.10.14"]
[SourceQuality "1"]

1. e4 e5 2. Nf3 Nc6 3. Bc4 Bc5 4. d3 Nf6 5. a4 0-0 6. 0-0 a5 7. Be3 Bxe3 8. fxe3 d6 9. Nbd2 Ne7 10. Bb3 Ng6 11. Qe1 c6 12. Nh4 Nxh4 13. Qxh4 Be6 14. Bxe6 fxe6 15. Qh3 Qe7 16. Nc4 Nd7 17. Rxf8+ Nxf8 18. Rf1 Nd7 19. b3 d5 20. Nd2 Rf8 21. Rxf8+ Nxf8 22. Qg3 Qf6 23. Nf3 Nd7 24. exd5 exd5 25. Qg4 Qf7 26. Ng5 Qe7 27. Qf5 g6 28. Qe6+ Qxe6 29. Nxe6 b6 30. Kf2 c5 31. Nc7 Nf6 32. Na8 Nd7 33. Kf3 Kf7 34. Nc7 Nf6 35. e4 dxe4+ 36. dxe4 Ke7 37. Nd5+ Nxd5 38. exd5 Kd6 39. Ke4 b5 40. axb5 c4 41. b6 cxb3 42. cxb3 h5 43. h4 Kd7 44. Kxe5 Ke7 45. b7 1-0

[Event "Titled Tuesday intern op 10th Oct Early"]
[Site "Chess.com INT"]
[Date "2023.10.10"]
[Round "4"]
[White "Burdalev, Kirill"]
[Black "Parfenov, Viktor N"]
[Result "0-1"]
[WhiteElo "2344"]
[BlackElo "2193"]
[PlyCount "48"]
[EventDate "2023.10.10"]
[EventType "swiss (blitz)"]
[EventRounds "11"]
[EventCountry "USA"]
[SourceTitle "EXT 2025"]
[Source "ChessBase"]
[SourceDate "2024.10.14"]
[SourceVersion "1"]
[SourceVersionDate "2024.10.14"]
[SourceQuality "1"]

1. d4 Nf6 2. c4 g6 3. Nc3 d5 4. cxd5 Nxd5 5. Bd2 c5 6. dxc5 Bg7 7. Qb3 Be6 8. Qxb7 Nxc3 9. Bxc3 Bxc3+ 10. bxc3 Nd7 11. c6 Nb6 12. Rd1 Qc8 13. e4 0-0 14. Ba6 Qb8 15. c7 Qe8 16. Nf3 Bc8 17. Rd8 Bxb7 18. Rxe8 Bxa6 19. Rxf8+ Kxf8 20. Kd2 Rc8 21. Nd4 Rxc7 22. Rb1 e5 23. Nc2 Rd7+ 24. Ke1 Bd3 0-1

[Event "Titled Tuesday intern op 10th Oct Early"]
[Site "Chess.com INT"]
[Date "2023.10.10"]
[Round "2"]
[White "Martinez Martin, David"]
[Black "Burdalev, Kirill"]
[Result "0-1"]
[WhiteElo "2385"]
[BlackElo "2344"]
[PlyCount "49"]
[EventDate "2023.10.10"]
[EventType "swiss (blitz)"]
[EventRounds "11"]
[EventCountry "USA"]
[SourceTitle "EXT 2025"]
[Source "ChessBase"]
[SourceDate "2024.10.14"]
[SourceVersion "1"]
[SourceVersionDate "2024.10.14"]
[SourceQuality "1"]

1. d4 d5 2. Nf3 c6 3. e3 Bg4 4. h3 Bh5 5. c4 e6 6. Nbd2 Nd7 7. b3 f5 8. Bd3 Bd6 9. Qc2 Ngf6 10. Bb2 Ne4 11. g4 Bg6 12. gxf5 exf5 13. 0-0-0 Nxf2 14. Bxf5 Bxf5 15. Qxf5 Qf6 16. Qxf6 Nxf6 17. e4 dxe4 18. Ng5 0-0 19. Rhg1 Nxd1 20. Kxd1 Rae8 21. d5 cxd5 22. cxd5 e3 23. Ne6 Rxe6 24. dxe6 exd2 25. Kxd2 0-1